00769 2200277 4500001002100000005001500021035002000036007000300056008004100059040002200100082001600122084001800138090002000156100002600176245003200202300002400234650002100258850001200279041001300291264004200304336002100346337003000367338002300397546006100420990001000481INLIS00000000086481320210917020711 a0010-0921000563ta210917s1947 yoi g 0 0 ind d aYOPDYOGbinderda04223a947.084 a947.084 FOM t aL 947.084 FOM t1 aFomichenkoePengarang10aTentera merah /cFomichenko a41 halaman ;c15 cm 4aRusia--xSejarah aYOPDYOG1 aindhrus31aJogjakarta :bPendidikan Buruh,c1947 2rdacontentateks 2rdamediaatanpa perantara 2rdacarrieravolume aTeks berbahasa Indonesia diterjemahkan dari bahasa Rusia a362-A